000 00439nam a2200181Ia 4500
008 240925s9999 xx 000 0 und d
020 _a8176494917
082 _a658.4092 THO
100 _aNot - Available
245 0 _aAdair on leadership
250 _aNA
260 _aNew Delhi:
_bViva Books
_c,2005.
300 _a480p.
_bN.A
_fOriginal
500 _aIncludes Index
600 _aManagement
650 _aManagement
942 _cBK
999 _c17735
_d17735